Business continuity management survey (Record no. 117107)
[ view plain ]
| 000 -LEADER | |
|---|---|
| fixed length control field | 01167cam a2200205 4500 |
| 001 - CONTROL NUMBER | |
| control field | WB4011-12 |
| 008 - FIXED-LENGTH DATA ELEMENTS--GENERAL INFORMATION | |
| fixed length control field | 040316n2004 000 0 eng u |
| 035 ## - SYSTEM CONTROL NUMBER | |
| System control number | (Sirsi) u125430 |
| 245 ## - TITLE STATEMENT | |
| Title | Business continuity management survey |
| 260 ## - PUBLICATION, DISTRIBUTION, ETC. | |
| Date of publication, distribution, etc. | 2004 |
| 490 ## - SERIES STATEMENT | |
| Series statement | RICS Facilities Management Faculty News |
| Volume/sequential designation | 15 March 2004 (1) |
| 520 ## - SUMMARY, ETC. | |
| Summary, etc. | The Chartered Management Institute has published its fifth survey of business continuity management "Business continuity management 2004". Survey findings include a review of event types causing disruption in the last year, the number of organisations having any sort of business continuity plan, best practice in business continuity management and supply chain management issues. The survey is available at http://www.managers.org.uk/institute/content_toc_d escription_3.asp?category=3&doc=2011&id=234&id=211 &id=44. http://www.rics.org/ricscms/bin/show?class=News&te mplate=/includes/shownews.html&id=8458 |
| 590 ## - LOCAL NOTE (RLIN) | |
| Local note | WB |
| 590 ## - LOCAL NOTE (RLIN) | |
| Local note | WB |
| 650 ## - SUBJECT ADDED ENTRY--TOPICAL TERM | |
| Topical term or geographic name entry element | SUPPLY CHAIN MANAGEMENT |
| 650 ## - SUBJECT ADDED ENTRY--TOPICAL TERM | |
| Topical term or geographic name entry element | BUSINESS CONTINUITY MANAGEMENT |
| 650 ## - SUBJECT ADDED ENTRY--TOPICAL TERM | |
| Topical term or geographic name entry element | BUSINESS CONTINUITY PLANS |
| 690 ## - LOCAL SUBJECT ADDED ENTRY--TOPICAL TERM (OCLC, RLIN) | |
| Topical term or geographic name as entry element | FACILITIES MANAGEMENT |
| 9 (RLIN) | 6240 |
| 942 ## - ADDED ENTRY ELEMENTS (KOHA) | |
| Suppress in OPAC | 0 |
| Withdrawn status | Lost status | Source of classification or shelving scheme | Damaged status | Not for loan | Home library | Current library | Shelving location | Date acquired | Total Checkouts | Full call number | Barcode | Date last seen | Copy number | Price effective from | Koha item type |
|---|---|---|---|---|---|---|---|---|---|---|---|---|---|---|---|
| Dewey Decimal Classification | London | London | News article | 16/03/2004 | WB4011-12 | 125430-1001 | 06/08/2019 | 1 | 06/08/2019 | News article |